[Event "Lovsprings op 07th E"]
[Site "Ringsted"]
[Date "1995.03.31"]
[Round "4"]
[White "Nielsen, Poul"]
[Black "Lind, Steffen"]
[Result "0-1"]
[WhiteElo "1164"]
[BlackElo "1000"]
[PlyCount "74"]
[EventDate "1995.03.10"]
[EventType "swiss"]
[EventRounds "7"]
[EventCountry "DEN"]
[SourceTitle "EXT 2023"]
[Source "ChessBase"]
[SourceDate "2022.10.05"]
[SourceVersion "1"]
[SourceVersionDate "2022.10.05"]
[SourceQuality "1"]

1. d4 d5 2. g3 Nc6 3. Bg2 Nf6 4. Nc3 Bf5 5. a3 e6 6. e3 Bd6 7. Nge2 0-0 8. 0-0 Re8 9. Re1 a6 10. b4 b5 11. Bb2 Rb8 12. Qd2 a5 13. Na2 a4 14. Rac1 Qd7 15. Nec3 Be7 16. Re2 Na7 17. f3 c6 18. Rce1 Bg6 19. e4 dxe4 20. Nxe4 Nd5 21. Nac3 Nc8 22. Nxd5 cxd5 23. Ng5 Nd6 24. f4 h6 25. Nxe6 fxe6 26. Rxe6 Bf5 27. Bxd5 Kh8 28. R6e3 Bf6 29. Rxe8+ Rxe8 30. Rc1 Ne4 31. Bxe4 Rxe4 32. c3 Qd5 33. Qg2 Qc4 34. Rf1 Re2 35. Qa8+ Kh7 36. Ba1 Be4 37. Qe8 Rg2+ 0-1

[Event "Lovsprings op 07th E"]
[Site "Ringsted"]
[Date "1995.03.24"]
[Round "3"]
[White "Nilsson, Jonas Gosta"]
[Black "Lind, Steffen"]
[Result "1-0"]
[WhiteElo "1067"]
[BlackElo "1000"]
[PlyCount "91"]
[EventDate "1995.03.10"]
[EventType "swiss"]
[EventRounds "7"]
[EventCountry "DEN"]
[SourceTitle "EXT 2023"]
[Source "ChessBase"]
[SourceDate "2022.10.05"]
[SourceVersion "1"]
[SourceVersionDate "2022.10.05"]
[SourceQuality "1"]

1. e4 d5 2. exd5 Qxd5 3. Nc3 Qa5 4. d4 Nf6 5. Bd2 c6 6. Nf3 Bf5 7. Bc4 e6 8. a3 Be7 9. Nd5 Qd8 10. Nxe7 Qxe7 11. 0-0 0-0 12. Bb4 Qd8 13. Bxf8 Kxf8 14. c3 Nbd7 15. h3 Nb6 16. Bb3 Nbd5 17. a4 Qb6 18. a5 Qc7 19. Ne5 Rd8 20. f4 h6 21. Re1 Nxf4 22. Bc2 Bxc2 23. Qxc2 N4d5 24. b4 a6 25. Nd3 Qd6 26. Nc5 Rb8 27. Qd2 Qg3 28. c4 Nf4 29. Kh1 Qg5 30. Rf1 N6h5 31. Rxf4 Qxf4 32. Qxf4 Nxf4 33. Nd7+ Ke7 34. Nxb8 Kd6 35. Nxa6 bxa6 36. b5 cxb5 37. cxb5 Kc7 38. b6+ Kb7 39. Rc1 Nd5 40. Rf1 f6 41. Re1 Nf4 42. Kh2 e5 43. dxe5 fxe5 44. Rxe5 Nd3 45. Re7+ Kb8 46. Rxg7 1-0